000 00862nam a22002177a 4500
999 _c20382
_d20382
003 AR-CdUCM
008 190529b ||||| |||| 00| 0 spa d
040 _aMUNICIPALIDAD PROVINCIAL DEL CUSCO
_cBIBLIOTECA MUNICIPAL DEL CUSCO
082 _a112 /
_bF23
100 _aFarrington, Benjamin
_942626
245 _aCiencia griega :
_bCon una "Nota Preliminar" de Hernán Rodríguez /
260 _aBuenos Aires :
_bHachette,
_c1957.
300 _a325 páginas ;
_c20 cm.
505 _aContenido : La deuda de la ciencia griega con las civilizaciones más antiguas del cercano oriente -- Tecnología y ciencia -- Principales períodos de la ciencia griega...
650 _aAristóteles
_939763
650 _aPlatón
_917186
650 _aAstrónomos
_942627
700 _aMolina y Vedia, Enrique y Rodriguez Hernán
_942628
942 _2ddc
_cLIBROS
945 _aandy